Lucky boy / (Record no. 37876)

MARC details
000 -LEADER
fixed length control field 00627nam a22001937a 4500
005 - DATE AND TIME OF LATEST TRANSACTION
control field 20100727114150.0
010 ## - LCCN (DPL NO)
LC control number ENG-97129
020 ## - INTERNATIONAL STANDARD BOOK NUMBER
International Standard Book Number 9788128820014
Terms of availability 100.00
035 ## - SYSTEM CONTROL NUMBER
System control number EN-80662
037 ## - SOURCE OF ACQUISITION
Source of stock number/acquisition DBAD/PUB
082 ## - DEWEY DECIMAL CLASSIFICATION NUMBER
Classification number S
100 ## - MAIN ENTRY--PERSONAL NAME
Personal name Seth, Seema
245 ## - TITLE STATEMENT
Title Lucky boy /
Statement of responsibility, etc by Seema Seth
260 ## - PUBLICATION, DISTRIBUTION, ETC. (IMPRINT)
Place of publication, distribution, etc New Delhi
Name of publisher, distributor, etc Diamond Pocket Books
Date of publication, distribution, etc 2009
270 ## - ADDRESS
Address X-30 Okhla Industrial Area, Phase -II
City New Delhi
Postal code 110020
300 ## - PHYSICAL DESCRIPTION
Extent 112p.
Dimensions 21cm (pbk)
942 ## - ADDED ENTRY ELEMENTS (KOHA)
Source of classification or shelving scheme Dewey Decimal Classification
Item type English Books
Classification part S
Call number suffix SET
Holdings
Withdrawn status Lost status Not for loan Collection code Home library Current library Date acquired Source of acquisition Cost, normal purchase price Full call number Barcode Copy number Cost, replacement price Koha item type
    Not For Loan Non-fiction D.B.Act.Division D.B.Act.Division 27/07/2010 DBAD/PUB 100.00 S SET EN-80662 1 100.00 English Books

© Delhi Public Library
Hit Counter
free hit counter